Threats to Established Companies from Increasing Digitalization

Narušenie a digitalizácia a hrozby pre etablované spoločnosti. Koncept modrého oceánu a rušivá inovácia podľa Christensena. Nebezpečenstvo pre etablovaných poskytovateľov v dôsledku narušenia v kontexte digitalizácie. Strata potenciálu pridanej hodnoty prostredníctvom platforiem. Zlyhanie prevratnýc...

Descrizione completa

Salvato in:
Dettagli Bibliografici
Autore principale: Pister, Marco, 1974-
Natura: Capitolo di libro
Lingua:inglese
Soggetti:
Tags: Aggiungi Tag
Nessun Tag, puoi essere il primo ad aggiungerne!!

MARC

LEADER 00000naa a2200000 4500
001 0279433
005 20240502083849.2
041 0 |a eng 
044 |a GB 
245 1 0 |a Threats to Established Companies from Increasing Digitalization  |c Marco Pister 
520 |a Narušenie a digitalizácia a hrozby pre etablované spoločnosti. Koncept modrého oceánu a rušivá inovácia podľa Christensena. Nebezpečenstvo pre etablovaných poskytovateľov v dôsledku narušenia v kontexte digitalizácie. Strata potenciálu pridanej hodnoty prostredníctvom platforiem. Zlyhanie prevratných inovácií a strata zákazníckeho rozhrania. 
610 2 0 |a digitalizácia 
610 2 0 |a riziko 
610 2 0 |a inovácia 
610 2 0 |a spoločnosti 
100 1 |a Pister, Marco, 1974-